000 00356nam a2200157Ia 4500
005 20250423101315.0
008 250422s9999 xx 000 0 und d
020 _a978- 1- 4013- 2325- 7
050 _aQA 76.2 .P38A3/
100 _aRandy Pausch
245 4 _aThe last lecture
260 _bHyperion
260 _c2008
300 _a206 p
942 _cBK
999 _c35920
_d35920